| 000 | 00000nam 2200000zi 4500 |
| 001 | 9.916886 |
| 003 | CaOODSP |
| 005 | 20221110082104 |
| 006 | m o d f |
| 007 | cr mn||||||||| |
| 008 | 221103e20221027oncd obs f000 0 fre d |
| 040 | |aCaOODSP|bfre|erda|cCaOODSP |
| 043 | |an-cn--- |
| 086 | 1 |aYN5-253/2022F-PDF |
| 245 | 03|aLe coût du cycle de vie des navires de combat de surface canadiens : |banalyse financière. |
| 264 | 1|a[Ottawa] : |bBureau du directeur parlementaire du budget = Office of the Parliamentary Budget Officer, |c27 octobre 2022. |
| 264 | 4|c©2022 |
| 300 | |a1 ressource en ligne (15 pages) : |bgraphiques |
| 336 | |atexte|btxt|2rdacontent/fre |
| 337 | |ainformatique|bc|2rdamedia/fre |
| 338 | |aressource en ligne|bcr|2rdacarrier/fre |
| 500 | |aPublié aussi en anglais sous le titre : The life cycle cost of the Canadian surface combatants : a fiscal analysis. |
| 500 | |aTitre de la couverture. |
| 500 | |a«Analystes principaux : Carleigh Busby, conseillère-analyste; Albert Kho, analyste; Christopher E. Penny, conseiller-analyste.» |
| 504 | |aComprend des références bibliographiques (pages 14-15). |
| 520 | |a«En réponse à une demande du Comité permanent des opérations gouvernementales et des prévisions budgétaires de la Chambre descommunes (le Comité OGGO), ce rapport présente une analyse du coût du programme des navires de combat de surface canadiens (NCSC) , y compris des estimations concernant les étapes Développement, Acquisition, Exploitation et maintien en service, et Démantèlement du cycle de vie de la flotte.» |
| 650 | 6|aCoût du cycle de vie|zCanada|xNavires de guerre. |
| 650 | 6|aMarines de guerre|xCoût. |
| 700 | 1 |aBusby, Carleigh, |eauteur. |
| 710 | 1 |aCanada. |bBureau du Directeur parlementaire du budget, |eorganisme de publication. |
| 775 | 08|tThe life cycle cost of the Canadian surface combatants : |w(CaOODSP)9.916887 |
| 856 | 40|qPDF|s344 Ko|uhttps://publications.gc.ca/collections/collection_2022/dpb-pbo/YN5-253-2022-fra.pdf |